Descobreix Montclar /
ISBN:
9788409493098
Descripción Física:
101 pàgines ; fotografies en color i blanc i negre ; mapes ; 24 cm
Otros Autores:
Viladomat, Ramon
Materias:
Montclar (Berguedà, Catalunya)
; Montclar (Berguedà, Catalunya) -- Guies
; Montclar (Berguedà, Catalunya) -- Vida social i costums
Idioma:
Catalán
MARC
| LEADER | 00000nam a22000007a 4500 | ||
|---|---|---|---|
| 001 | 28014 | ||
| 003 | Arxiu | ||
| 005 | 20260324181518.0 | ||
| 008 | 230613b spa||||| |||| 00| 0 cat d | ||
| 017 | |a B 6511-2023 | ||
| 020 | |a 9788409493098 | ||
| 040 | |a agdb |b cat | ||
| 245 | |a Descobreix Montclar / |c textos i coordinació: Ramon Viladomat | ||
| 250 | |b Desembre 2022 | ||
| 260 | |a Montclar , |a Barcelona : |b Ajuntament de Montclar : |b Tasta.cat ; |c 2022 | ||
| 300 | |a 101 pàgines ; |b fotografies en color i blanc i negre ; mapes ; |c 24 cm | ||
| 500 | |a A la pàgina 4: "Informació elaborada a partir del Mapa de Patrimoni Cultural del municipi de Montclar realitzat per l'Oficina de Patrimoni Cultural de la Diputació de Barcelona". | ||
| 651 | 0 | |9 56550 |a Montclar (Berguedà, Catalunya) | |
| 651 | 0 | |9 56551 |a Montclar (Berguedà, Catalunya) |v Guies | |
| 651 | 0 | |9 56552 |a Montclar (Berguedà, Catalunya) |x Vida social i costums | |
| 700 | |9 56549 |a Viladomat, Ramon |e textos i coordinació | ||
| 942 | |2 udc |c ARXIU |n 1 | ||
| 952 | |0 0 |1 0 |2 udc |4 0 |6 BIB1071 |7 1 |9 66492 |a Arxiu |b Arxiu |d 2023-06-13 |l 0 |o Bib-1071 |p 28014 |r 2023-06-13 00:00:00 |w 2023-06-13 |y ARXIU | ||
| 999 | |c 83816 |d 83816 | ||